MANAGERIALCONCEPTS AND STRATEGIES (Record no. 7738)

MARC details
000 -LEADER
fixed length control field 00515nam a22001937a 4500
003 - CONTROL NUMBER IDENTIFIER
control field OSt
005 - DATE AND TIME OF LATEST TRANSACTION
control field 20220223125816.0
008 - FIXED-LENGTH DATA ELEMENTS--GENERAL INFORMATION
fixed length control field 220223b ||||| |||| 00| 0 eng d
020 ## - INTERNATIONAL STANDARD BOOK NUMBER
International Standard Book Number 81-259-0337-2
040 ## - CATALOGING SOURCE
Transcribing agency DDC
082 ## - DEWEY DECIMAL CLASSIFICATION NUMBER
Classification number 658.4013 CHA ,1997
100 ## - MAIN ENTRY--PERSONAL NAME
Personal name CHANDAN ,JS
9 (RLIN) 5967
245 ## - TITLE STATEMENT
Title MANAGERIALCONCEPTS AND STRATEGIES
260 ## - PUBLICATION, DISTRIBUTION, ETC. (IMPRINT)
Place of publication, distribution, etc. NEWYORK;
Name of publisher, distributor, etc. VIKAS PUBLISHING HOUSE,
Date of publication, distribution, etc. 1997
300 ## - PHYSICAL DESCRIPTION
Extent X1,552P.
Other physical details ILL
Dimensions 22CM
504 ## - BIBLIOGRAPHY, ETC. NOTE
Bibliography, etc INCLUDES INDEX
650 ## - SUBJECT ADDED ENTRY--TOPICAL TERM
Topical term or geographic name as entry element MANAGEMENT STRATEGIES
9 (RLIN) 15792
942 ## - ADDED ENTRY ELEMENTS (KOHA)
Source of classification or shelving scheme Dewey Decimal Classification
Koha item type Book
Holdings
Withdrawn status Lost status Source of classification or shelving scheme Damaged status Not for loan Home library Current library Date acquired Source of acquisition Inventory number Total Checkouts Full call number Barcode Date last seen Price effective from Koha item type
    Dewey Decimal Classification     Faculty of Management Science Library Faculty of Management Science Library 23/02/2022 Purchase 08/3706   658.4013 CHA ,1997 2022-0292 23/02/2022 23/02/2022 Book